000
00309nam a2200133Ia 4500
100
_a
Schildt/ Herbert
942
_c
BK
654
_a
Computer
245
_a
The Complete Reference 3rd ed
260
_b
Obsorne/ McGraw - Hill
_a
Berkeley
_c
1995
082
_a
005.13'C'
_b
SCH
546
_a
ENGLISH
999
_c
19992
_d
19992